000 00573nam a22001817a 4500
100 _aRaman, M.D.
245 _aHevea brasiliensis latex dialysed C-serum precipitate subfraction exerts a negligible level of genotoxicity in the Ames test, mouse lymphoma assay and micronucleus assay
260 _bJournal of Rubber Research, 26(2): 2023. 139-153.
300 _bMay
650 _aLatex C-serum
650 _aMutation
650 _aGenotoxicity
700 _aRahman, N.A.
700 _aElumalai, S.
700 _aMurugaiyah, V.
700 _aOng, M.T.
942 _cJS
999 _c75254
_d75254